000
00304nam a22001337a 4500
008
170601b xxu||||| |||| 00| 0 eng d
020
_a
9780563202820
041
_a
eng
080
_a
94(100)
100
_a
17
101
_a
SHH
245
_a
THE AFRICANS A TRIPLE HERITAGE
_c
MAZRUI,A.A
942
_2
udc
_c
BK
999
_c
15360
_d
15360